Examen instructivo sobre la Constitución Política de Chile

محفوظ في:
التفاصيل البيبلوغرافية
المؤلف الرئيسي: Feliú Cruz, Guillermo (autor)
مؤلف مشترك: Biblioteca Nacional (مؤلف)
التنسيق: كتاب
اللغة:الإسبانية
منشور في: Santiago Biblioteca Nacional 1966
سلاسل:Antiguos Periódicos Chilenos
الموضوعات:
الوسوم: إضافة وسم
لا توجد وسوم, كن أول من يضع وسما على هذه التسجيلة!

MARC

LEADER 00000nam a2200000 a 4500
001 UCR3647
003 CL-VaPUC
008 980128e19660000CL |||||||||||||||||spa|d
082 0 4 |a 079.83  |b FEL  |2 21 
100 |a Feliú Cruz, Guillermo  |e autor  |9 392726 
110 2 |a Biblioteca Nacional  |e author  |9 402719 
245 1 0 |a Examen instructivo sobre la Constitución Política de Chile 
246 1 3 |a El Avisador Chileno 
246 1 3 |a El Alcornoque sin hojas, a la sombra del Avisador Chileno 
246 1 0 |a Cartas familiares de C., a un amigo residente en ... 
246 1 0 |a Redacción concisa de las Actas y Diarios del Congreso de Chile 
246 1 0 |a Boletín de Policía 
246 1 3 |a El Pensador Político 
246 1 0 |a Religioso: 1824-1825 
300 |a 348 p 
942 |c BK 
945 |d 19980128 00:00:00  |a crobeson 
260 |a Santiago  |b Biblioteca Nacional  |c 1966 
650 0 |a Periódicos   |9 335528 
650 7 |a DOCUMENTOS PRIMARIOS  |2 CL-VaPUC  |9 350391 
650 7 |a PUBLICACIONES SERIADAS  |2 CL-VaPUC  |9 366449 
650 0 |a Medios de comunicación  |9 257206 
650 7 |a BIBLIOTECAS DE PERIODICOS  |2 CL-VaPUC  |9 402720 
650 7 |a PRENSA DE INFORMACION  |2 CL-VaPUC  |9 335512 
650 7 |a PUBLICACIONES DIARIAS  |2 CL-VaPUC  |9 402721 
650 7 |a PUBLICACIONES PERIODICAS  |2 CL-VaPUC  |9 335089 
650 7 |a PRENSA PERIODICA  |2 CL-VaPUC  |9 369280 
651 7 |a CHILE  |2 CL-VaPUC  |9 402722 
583 |a last modification  |c 19980128 00:00:00  |k Rodrigo Vera 
490 0 |a Antiguos Periódicos Chilenos 
999 |c 266700  |d 266698 
952 |0 0  |1 0  |4 0  |6 079_830000000000000_FEL_1966  |7 0  |8 DER_HIS  |9 298525  |a BIBDER  |b BIBDER  |d 2019-11-20  |i 1948377  |o 079.83 FEL 1966  |p 1948377  |r 2023-01-25  |w 2019-11-20  |x Ubicación 4to Piso  |y BK_X  |z Estos recursos deben solicitarse con anticipación  |k DER 
952 |0 0  |1 0  |4 0  |6 079_830000000000000_FEL_1966  |7 0  |8 X  |9 298526  |a BIBHIS  |b BIBHIS  |d 2019-11-20  |i 1385976  |o 079.83 FEL 1966  |p 1385976  |r 2024-01-30  |w 2019-11-20  |y BK_X  |k HIS